Lakes by Country or Region - Statistics

General Stats
  • This quiz has been taken 23 times
  • The average score is 10 of 15
Answer Stats
Hints Answers % Correct
Uganda Lake Victoria
100%
Russia (Asian part) Lake Baikal
94%
Nicaragua Lake Nicaragua
88%
Jordan Dead Sea
82%
Utah (United States) Great Salt Lake
82%
Switzerland Lake Geneva
82%
Bolivia Lake Titicaca
82%
Canada Lake Superior
71%
Northwest Territories (Canada) Great Bear Lake
65%
Democratic Republic of the Congo Lake Tanganyika
59%
Venezuela (technically a bay) Lake Maracaibo
53%
Russia (European part) Lake Ladoga
41%
Ethiopia Lake Turkana
35%
Austria Lake Constance
29%
Antarctica Lake Vostok
29%
No matching quizzes found
Score Distribution
Percent of People with Each Score
Percentile by Number Answered
Your Score History
You have not taken this quiz